Théâtre (notice n° 1750911)
[ vue normale ]
| 000 -LEADER | |
|---|---|
| fixed length control field | 00756cam a2200157 4500500 |
| 005 - DATE AND TIME OF LATEST TRANSACTION | |
| control field | 20260322005731.0 |
| 041 ## - LANGUAGE CODE | |
| Language code of text/sound track or separate title | fre |
| 042 ## - AUTHENTICATION CODE | |
| Authentication code | dc |
| 100 10 - MAIN ENTRY--PERSONAL NAME | |
| Personal name | Mambrino, Jean |
| Relator term | author |
| 245 00 - TITLE STATEMENT | |
| Title | Théâtre |
| 260 ## - PUBLICATION, DISTRIBUTION, ETC. | |
| Date of publication, distribution, etc. | 2002.<br/> |
| 500 ## - GENERAL NOTE | |
| General note | 52 |
| 520 ## - SUMMARY, ETC. | |
| Summary, etc. | RésuméSi, depuis le Nouveau Roman, la modernité semble avoir privé le roman de sa vocation narrative, le Policier, tout au contraire, assume pleinement cette fonction fondamentale de la littérature. Les auteurs de Policiers paraissent, de nos jours, être les seuls à savoir encore ce que raconter une histoire veut dire. |
| 786 0# - DATA SOURCE ENTRY | |
| Note | Études | 397 | 11 | 2002-11-01 | p. 539-543 | 0014-1941 |
| 856 41 - ELECTRONIC LOCATION AND ACCESS | |
| Uniform Resource Identifier | <a href="https://shs.cairn.info/revue-etudes-2002-11-page-539?lang=fr&redirect-ssocas=7080">https://shs.cairn.info/revue-etudes-2002-11-page-539?lang=fr&redirect-ssocas=7080</a> |
Pas d'exemplaire disponible.




Réseaux sociaux